Southville International School and Colleges
Your cart is empty.
  • Cart
  • Lists
    Public lists Eva Luna New books Lux_list list_1
    Your lists Log in to create your own lists
  • Log in to your account
  • Your cookies
  • Search history
Southville International School and Colleges
  • Advanced search
  • Recent comments
  • Most popular
  • Libraries

Log in to your account

Log in with GOOGLE


If you do not have an external account, but do have a local account, you can still log in:

  1. Home
  2. MARC view: Retailing /
Normal view MARC view ISBD view

Retailing / (Record no. 288938)

[ view plain ]
MARC details
000 -LEADER
fixed length control field 00698cam a22002174a 4500
003 - CONTROL NUMBER IDENTIFIER
control field SISC
005 - DATE AND TIME OF LATEST TRANSACTION
control field 20170224110813.0
008 - FIXED-LENGTH DATA ELEMENTS--GENERAL INFORMATION
fixed length control field 080909s ohu 000 0 eng d
020 ## - INTERNATIONAL STANDARD BOOK NUMBER
International Standard Book Number 9789814633949
050 00 - LIBRARY OF CONGRESS CALL NUMBER
Classification number HF 5429
Item number .D86 2014
100 1# - MAIN ENTRY--PERSONAL NAME
Personal name Dunne, Patrick M.
245 10 - TITLE STATEMENT
Title Retailing /
Statement of responsibility, etc Patrick M. Dunne, Robert F. Lusch, James R. Carver.
250 ## - EDITION STATEMENT
Edition statement 8th edition, International edition.
260 ## - PUBLICATION, DISTRIBUTION, ETC. (IMPRINT)
Place of publication, distribution, etc Andover :
Name of publisher, distributor, etc Cengage Learning,
Date of publication, distribution, etc 2014.
300 ## - PHYSICAL DESCRIPTION
Extent xxxi, 683 pages :
Other physical details illustrations ;
Dimensions 26 cm.
500 ## - GENERAL NOTE
General note Includes glossary, bibliographical references and index.
650 #0 - SUBJECT ADDED ENTRY--TOPICAL TERM
Topical term or geographic name as entry element Retail trade.
700 1# - ADDED ENTRY--PERSONAL NAME
Personal name Lusch, Robert F.
700 1# - ADDED ENTRY--PERSONAL NAME
Personal name Carver, James R.
942 ## - ADDED ENTRY ELEMENTS (KOHA)
Source of classification or shelving scheme Library of Congress Classification
Koha item type Books
Call number prefix Foreign
Holdings
Withdrawn status Lost status Source of classification or shelving scheme Damaged status Home library Current library Shelving location Date acquired Source of acquisition Sub Shelving location Total Checkouts Full call number Barcode Date last seen Price effective from Koha item type
    Library of Congress Classification   College Library College Library Reserve Section 11/05/2015 Library Fund     HF 5429 .D86 2014 C20267 05/15/2018 11/05/2015 Books

Retailing /

APA

Dunne P. M., Lusch R. F. & Carver J. R. (2014). Retailing. Andover: Cengage Learning.

Chicago

Dunne Patrick M, Lusch Robert F and Carver James R. 2014. Retailing. Andover: Cengage Learning.

Harvard

Dunne P. M., Lusch R. F. and Carver J. R. (2014). Retailing. Andover: Cengage Learning.

MLA

Dunne Patrick M, Lusch Robert F and Carver James R. Retailing. Andover: Cengage Learning. 2014.

  • Place hold
  • Print
  • Cite
  • Add to your cart (remove)
  • Save record
    BIBTEX Dublin Core MARCXML MARC (non-Unicode/MARC-8) MARC (Unicode/UTF-8) MARC (Unicode/UTF-8, Standard) MODS (XML) RIS
  • More searches
    Search for this title in:
    Other Libraries (WorldCat) Other Databases (Google Scholar) Online Stores (Bookfinder.com) Open Library (openlibrary.org)

Exporting to Dublin Core...

SOUTHVILLE LIBRARY

Southville International School and Colleges Library

1281 Tropical Ave. Cor. Luxembourg St., BF Homes International, Las Pinas City

Tel. No. 8256374 / 252358 Loc. 117/146

Powered by Koha